Meiotic abnormalities in two male sterile clones of Hevea brasiliensis (Record no. 62818)

MARC details
000 -LEADER
fixed length control field 00385nam a2200121Ia 4500
100 ## - MAIN ENTRY--AUTHOR NAME
Personal name Annamma Y
245 #0 - TITLE STATEMENT
Title Meiotic abnormalities in two male sterile clones of Hevea brasiliensis
260 ## - PUBLICATION, DISTRIBUTION, ETC. (IMPRINT)
Name of publisher Paper presented at the International Rubber Conference, India, 1980
Year of publication 1980
700 ## - ADDED ENTRY--PERSONAL NAME
Personal name Markose V C
700 ## - ADDED ENTRY--PERSONAL NAME
Personal name Nair V K B
942 ## - ADDED ENTRY ELEMENTS (KOHA)
Koha item type Journals
Holdings
Withdrawn status Lost status Damaged status Not for loan Home library Current library Shelving location Date acquired Koha item type
      Journals RRII Library RRII Library Botany 17/12/2021 Journals